Legislación foral de España (Record no. 153033)

MARC details
000 -LEADER
campo de control de longitud fija 00775nam a2200205 i 4500
001 - NÚMERO DE CONTROL
campo de control 153033
003 - IDENTIFICADOR DE NÚMERO DE CONTROL
campo de control ES-MaACL
005 - FECHA Y HORA DE LA ÚLTIMA TRANSACCIÓN
campo de control 20230906205006.0
008 - DATOS DE LONGITUD FIJA--INFORMACIÓN GENERAL
campo de control de longitud fija 950223s1887 sp |||| | spa d
040 ## - FUENTE DE CATALOGACIÓN
Centro catalogador/agencia de origen CLM
Lengua de catalogación spa
Centro/agencia transcriptor CCPB | SIC
245 00 - MENCIÓN DEL TÍTULO
Título Legislación foral de España
Resto del título : derecho vigente en Cataluña /
Mención de responsabilidad, etc. con un prólogo del Excmo. Sr. Miguel Castells y de Bassols.
260 ## - PUBLICACIÓN, DISTRIBUCIÓN, ETC.
Lugar de publicación, distribución, etc. Madrid :
Nombre del editor, distribuidor, etc. [s.n.],
Fecha de publicación, distribución, etc. 1887 (
Fabricante Establecimiento tipográfico de Pedro Núñez)
300 ## - DESCRIPCIÓN FÍSICA
Extensión 2 v. (271 ; 272 p.) ;
Dimensiones 18 cm.
490 1# - MENCIÓN DE SERIE
Mención de serie Biblioteca judicial ;
Designación de volumen o secuencia 43-44
650 #4 - PUNTO DE ACCESO ADICIONAL DE MATERIA--TÉRMINO DE MATERIA
Término de materia o nombre geográfico como elemento de entrada Fueros-
Subdivisión geográfica Cataluña.
9 (RLIN) 136143
700 1# - ENTRADA AGREGADA--NOMBRE PERSONAL
Nombre de persona Castells y Bassols, Miguel.
9 (RLIN) 126381
830 0# - PUNTO DE ACCESO ADICIONAL DE SERIE-TÍTULO UNIFORME
Título uniforme Biblioteca judicial ;
Designación de volumen o secuencia 43-44
9 (RLIN) 181856
852 ## - LOCALIZACIÓN
Ubicación ES-MaACL
Número de control de estantería B-6656-57
Nota libre -- Enc. pasta
Holdings
Estatus retirado Estado de pérdida Estado de daño No para préstamo Colección Biblioteca de origen Biblioteca actual Ubicación en estantería Fecha de adquisición Fuente de adquisición Total de préstamos Signatura topográfica completa Código de barras Visto por última vez Precio de reemplazo Tipo de ítem Koha
        Libros del s. XIX Biblioteca del Ateneo de Madrid Biblioteca del Ateneo de Madrid Sala Pardo Bazán 17/01/2008     B-6656-57 1159874 23/02/2023 23/02/2023 Libro impreso antiguo